[Event "DVM U10 2023"]
[Site "Magdeburg GER"]
[Date "2023.12.28"]
[Round "4"]
[White "Steffen, Leon"]
[Black "Rung, Sjard Joris"]
[Result "0-1"]
[Termination "normal"]
[Board "9.3"]
[WhiteElo "927"]
[BlackElo "1012"]
[WhiteClock "00:30:08"]
[BlackClock "00:22:19"]
[WhiteTeam "Elmshorner SC 1896"]
[BlackTeam "Barnimer SF im SV Stahl Finow"]
[PlyCount "102"]
[BlackFideId "34689818"]
[EventCountry "GER"]
[EventRounds "7"]
[EventType "team-swiss"]
[EventDate "2023.12.27"]

1. d4 {[%clk 00:55:09]} Nf6 {[%clk 00:55:01]} {[%emt 00:00:10]} 2. Nf3 {[%clk
00:55:07]} {[%emt 00:00:07]} g6 {[%clk 00:54:42]} {[%emt 00:00:23]} 3. Nc3
{[%clk 00:54:54]} {[%emt 00:00:18]} Bg7 {[%clk 00:54:28]} {[%emt 00:00:19]} 4.
Bf4 {[%clk 00:54:46]} {[%emt 00:00:13]} d6 {[%clk 00:54:13]} {[%emt 00:00:20]}
5. e3 {[%clk 00:54:25]} {[%emt 00:00:25]} O-O {[%clk 00:54:03]} {[%emt
00:00:16]} 6. Bc4 {[%clk 00:54:18]} {[%emt 00:00:12]} Nbd7 {[%clk 00:53:46]}
{[%emt 00:00:22]} 7. O-O {[%clk 00:54:07]} {[%emt 00:00:17]} Qe8 {[%clk
00:52:38]} {[%emt 00:01:13]} 8. Re1 {[%clk 00:53:51]} {[%emt 00:00:20]} Nh5
{[%clk 00:52:22]} {[%emt 00:00:21]} 9. Bg5 {[%clk 00:53:24]} {[%emt 00:00:32]}
h6 {[%clk 00:51:35]} {[%emt 00:00:53]} 10. Bf4 {[%clk 00:53:12]} {[%emt
00:00:16]} Nxf4 {[%clk 00:51:32]} {[%emt 00:00:09]} 11. exf4 {[%clk 00:53:06]}
{[%emt 00:00:10]} e5 {[%clk 00:50:00]} {[%emt 00:01:37]} 12. Bd5 {[%clk
00:52:46]} {[%emt 00:00:25]} c6 {[%clk 00:49:15]} {[%emt 00:00:50]} 13. Bc4
{[%clk 00:52:17]} {[%emt 00:00:34]} d5 {[%clk 00:47:38]} {[%emt 00:01:43]} 14.
Bb3 {[%clk 00:51:37]} {[%emt 00:00:45]} e4 {[%clk 00:46:56]} {[%emt 00:00:47]}
15. Ne5 {[%clk 00:51:18]} {[%emt 00:00:22]} f5 {[%clk 00:45:54]} {[%emt
00:01:08]} 16. Nxd7 {[%clk 00:50:19]} {[%emt 00:01:05]} Bxd7 {[%clk 00:45:22]}
{[%emt 00:00:38]} 17. Na4 {[%clk 00:49:58]} {[%emt 00:00:25]} b6 {[%clk
00:44:18]} {[%emt 00:01:09]} 18. c4 {[%clk 00:49:43]} {[%emt 00:00:20]} Kh7
{[%clk 00:42:56]} {[%emt 00:01:27]} 19. cxd5 {[%clk 00:49:36]} {[%emt
00:00:11]} cxd5 {[%clk 00:42:54]} {[%emt 00:00:07]} 20. Bxd5 {[%clk 00:49:25]}
{[%emt 00:00:16]} Bxa4 {[%clk 00:42:27]} {[%emt 00:00:33]} 21. Qd2 {[%clk
00:48:49]} {[%emt 00:00:28]} Rd8 {[%clk 00:41:52]} {[%emt 00:00:53]} 22. Bc4
{[%clk 00:47:53]} {[%emt 00:01:00]} Rxd4 {[%clk 00:41:44]} {[%emt 00:00:13]}
23. Qb4 {[%clk 00:47:32]} {[%emt 00:00:26]} a5 {[%emt 00:01:54]} 24. Qc3 {[%clk
00:46:43]} {[%emt 00:00:03]} Rd6 {[%clk 00:39:04]} {[%emt 00:01:46]} 25. Qc1
{[%clk 00:46:11]} {[%emt 00:00:38]} Qd7 {[%clk 00:37:29]} {[%emt 00:01:39]} 26.
b3 {[%clk 00:45:47]} {[%emt 00:00:29]} Bxa1 {[%clk 00:35:36]} {[%emt 00:01:17]}
27. bxa4 {[%clk 00:45:33]} {[%emt 00:01:02]} Bf6 {[%clk 00:35:07]} {[%emt
00:00:34]} 28. Bb5 {[%clk 00:45:20]} {[%emt 00:00:17]} Qe7 {[%clk 00:34:44]}
{[%emt 00:00:28]} 29. h3 {[%clk 00:44:54]} {[%emt 00:00:30]} Rfd8 {[%clk
00:33:35]} {[%emt 00:01:15]} 30. a3 {[%emt 00:01:34]} Rd5 {[%clk 00:32:57]}
{[%emt 00:00:03]} 31. Qc2 {[%clk 00:43:38]} {[%emt 00:00:33]} Qd6 {[%clk
00:31:53]} {[%emt 00:01:08]} 32. Be2 {[%clk 00:43:15]} {[%emt 00:00:28]} Qc5
{[%clk 00:31:22]} {[%emt 00:00:37]} 33. Qb1 {[%clk 00:41:45]} {[%emt 00:01:33]}
Bd4 {[%clk 00:30:14]} {[%emt 00:01:14]} 34. Kf1 {[%clk 00:41:00]} {[%emt
00:00:51]} Bxf2 {[%clk 00:29:49]} {[%emt 00:00:29]} 35. Rc1 {[%clk 00:40:51]}
{[%emt 00:00:14]} Qe3 {[%clk 00:28:43]} {[%emt 00:01:10]} 36. Rc7+ {[%clk
00:39:41]} {[%emt 00:01:16]} Kh8 {[%clk 00:28:24]} {[%emt 00:00:25]} 37. Qb2+
{[%clk 00:39:17]} {[%emt 00:00:27]} Qd4 {[%clk 00:27:59]} {[%emt 00:00:31]} 38.
Qc2 {[%clk 00:37:59]} {[%emt 00:01:21]} Bg3 {[%clk 00:27:29]} {[%emt 00:00:36]}
39. Bc4 {[%clk 00:37:02]} {[%emt 00:01:03]} Qa1+ {[%clk 00:25:56]} {[%emt
00:01:39]} 40. Ke2 {[%clk 00:35:39]} {[%emt 00:01:27]} Rd2+ {[%clk 00:25:51]}
{[%emt 00:00:10]} 41. Qxd2 {[%clk 00:35:27]} {[%emt 00:00:18]} Rxd2+ {[%emt
00:00:20]} 42. Kxd2 {[%emt 00:00:07]} Bxf4+ {[%clk 00:24:48]} {[%emt 00:00:40]}
43. Kc2 {[%clk 00:35:02]} {[%emt 00:00:28]} Bxc7 {[%clk 00:24:42]} {[%emt
00:00:14]} 44. Bb3 {[%clk 00:33:51]} {[%emt 00:01:16]} Be5 {[%clk 00:24:29]}
{[%emt 00:00:17]} 45. Bc4 {[%clk 00:33:00]} {[%emt 00:00:57]} Qc3+ {[%clk
00:24:23]} {[%emt 00:00:10]} 46. Kd1 {[%clk 00:32:26]} {[%emt 00:00:39]} Bf4
{[%clk 00:24:04]} {[%emt 00:00:25]} 47. Ke2 {[%clk 00:31:53]} {[%emt 00:00:54]}
Qd2+ {[%clk 00:23:41]} {[%emt 00:00:26]} 48. Kf1 {[%clk 00:31:37]} {[%emt
00:00:21]} Be3 {[%emt 00:01:12]} 49. Be2 {[%clk 00:31:04]} {[%emt 00:00:01]} f4
{[%clk 00:22:46]} {[%emt 00:00:30]} 50. g4 {[%clk 00:30:15]} {[%emt 00:00:55]}
f3 {[%clk 00:22:33]} {[%emt 00:00:18]} 51. h4 {[%clk 00:30:08]} {[%emt
00:00:12]} Qxe2# {[%clk 00:22:19]} {[%emt 00:00:18]} 0-1

[Event "DVM U10 2023"]
[Site "Magdeburg GER"]
[Date "2023.12.28"]
[Round "4"]
[White "Fattori Dittmar, Luca"]
[Black "Tatar, Anna"]
[Result "1-0"]
[Termination "normal"]
[Board "9.4"]
[WhiteElo "832"]
[BlackElo "901"]
[WhiteClock "00:49:45"]
[BlackClock "00:48:33"]
[WhiteTeam "Barnimer SF im SV Stahl Finow"]
[BlackTeam "Elmshorner SC 1896"]
[PlyCount "39"]
[WhiteFideId "34678883"]
[EventCountry "GER"]
[EventRounds "7"]
[EventType "team-swiss"]
[EventDate "2023.12.27"]

1. d4 {[%clk 00:55:07]} {[%emt 00:00:02]} d5 {[%clk 00:55:06]} {[%emt
00:00:04]} 2. Nf3 {[%clk 00:55:07]} {[%emt 00:00:06]} c6 {[%clk 00:55:02]}
{[%emt 00:00:09]} 3. Bf4 {[%clk 00:55:04]} {[%emt 00:00:07]} Bf5 {[%clk
00:54:55]} {[%emt 00:00:11]} 4. e3 {[%clk 00:55:01]} {[%emt 00:00:10]} e6
{[%clk 00:54:54]} {[%emt 00:00:06]} 5. Bd3 {[%clk 00:54:55]} {[%emt 00:00:10]}
Bxd3 {[%clk 00:54:52]} {[%emt 00:00:08]} 6. Qxd3 {[%clk 00:54:53]} {[%emt
00:00:07]} Bd6 {[%clk 00:54:52]} {[%emt 00:00:04]} 7. Bg3 {[%clk 00:54:44]}
{[%emt 00:00:15]} Nf6 {[%clk 00:54:44]} {[%emt 00:00:13]} 8. Nbd2 {[%clk
00:54:29]} {[%emt 00:00:20]} O-O {[%clk 00:54:40]} {[%emt 00:00:08]} 9. c3
{[%clk 00:54:22]} {[%emt 00:00:13]} Bxg3 {[%clk 00:54:23]} {[%emt 00:00:21]}
10. hxg3 {[%clk 00:54:21]} {[%emt 00:00:07]} h6 {[%clk 00:54:20]} {[%emt
00:00:07]} 11. e4 {[%clk 00:54:00]} {[%emt 00:00:26]} Nbd7 {[%clk 00:53:38]}
{[%emt 00:00:47]} 12. e5 {[%clk 00:53:54]} {[%emt 00:00:12]} Ne8 {[%clk
00:52:46]} {[%emt 00:00:57]} 13. g4 {[%clk 00:53:29]} {[%emt 00:00:30]} Nb6
{[%clk 00:52:20]} {[%emt 00:00:31]} 14. g5 {[%clk 00:53:14]} {[%emt 00:00:20]}
g6 {[%clk 00:51:39]} {[%emt 00:00:46]} 15. Rxh6 {[%clk 00:52:37]} {[%emt
00:00:42]} Ng7 {[%clk 00:51:21]} {[%emt 00:00:23]} 16. O-O-O {[%clk 00:51:29]}
{[%emt 00:01:13]} Nf5 {[%clk 00:50:36]} {[%emt 00:00:49]} 17. Rh2 {[%clk
00:51:07]} {[%emt 00:00:22]} Rc8 {[%clk 00:50:03]} {[%emt 00:00:43]} 18. Rdh1
{[%clk 00:50:31]} {[%emt 00:00:34]} Re8 {[%clk 00:48:36]} {[%emt 00:01:40]} 19.
Rh8+ {[%clk 00:50:04]} {[%emt 00:00:33]} Kg7 {[%clk 00:48:33]} {[%emt
00:00:07]} 20. R1h7# {[%clk 00:49:45]} {[%emt 00:00:11]} 1-0

[Event "DVM U10 2023"]
[Site "Magdeburg GER"]
[Date "2023.12.28"]
[Round "4"]
[White "Sun, Christopher"]
[Black "Mattar, Lukas"]
[Result "1/2-1/2"]
[Termination "normal"]
[Board "10.1"]
[WhiteElo "1417"]
[BlackElo "1395"]
[WhiteClock "00:26:56"]
[BlackClock "00:42:26"]
[WhiteTeam "Karlsruher SF 1853"]
[BlackTeam "SK 1926 Ettlingen"]
[PlyCount "46"]
[WhiteFideId "34630368"]
[BlackFideId "34685898"]
[EventCountry "GER"]
[EventRounds "7"]
[EventType "team-swiss"]
[EventDate "2023.12.27"]

1. e4 {[%clk 00:55:08]} e6 {[%clk 00:55:07]} {[%emt 00:00:05]} 2. d4 {[%clk
00:55:10]} {[%emt 00:00:03]} d5 {[%clk 00:55:08]} {[%emt 00:00:04]} 3. exd5
{[%clk 00:55:09]} {[%emt 00:00:06]} exd5 {[%clk 00:55:07]} {[%emt 00:00:05]} 4.
Nf3 {[%clk 00:55:08]} {[%emt 00:00:06]} Nf6 {[%clk 00:55:02]} {[%emt 00:00:11]}
5. Bd3 {[%clk 00:54:10]} {[%emt 00:01:02]} Bd6 {[%clk 00:55:02]} {[%emt
00:00:06]} 6. Nc3 {[%clk 00:53:41]} {[%emt 00:00:34]} O-O {[%clk 00:54:52]}
{[%emt 00:00:15]} 7. O-O {[%clk 00:53:37]} {[%emt 00:00:08]} c6 {[%clk
00:54:52]} {[%emt 00:00:05]} 8. Bg5 {[%clk 00:52:56]} {[%emt 00:00:46]} h6
{[%clk 00:54:11]} {[%emt 00:00:47]} 9. Bh4 {[%clk 00:52:50]} {[%emt 00:00:10]}
Be6 {[%clk 00:53:44]} {[%emt 00:00:32]} 10. Re1 {[%clk 00:52:34]} {[%emt
00:00:21]} Re8 {[%clk 00:53:33]} {[%emt 00:00:17]} 11. Qd2 {[%clk 00:51:47]}
{[%emt 00:00:51]} Nbd7 {[%clk 00:52:49]} {[%emt 00:00:50]} 12. Ne5 {[%clk
00:51:12]} {[%emt 00:00:39]} Be7 {[%clk 00:49:55]} {[%emt 00:03:00]} 13. Nxd7
{[%clk 00:49:02]} {[%emt 00:02:14]} Nxd7 {[%clk 00:49:24]} {[%emt 00:00:36]}
14. Bxe7 {[%clk 00:48:48]} {[%emt 00:00:18]} Rxe7 {[%clk 00:49:04]} {[%emt
00:00:26]} 15. Re3 {[%clk 00:47:20]} {[%emt 00:01:33]} Qc7 {[%clk 00:48:29]}
{[%emt 00:00:40]} 16. Rae1 {[%clk 00:45:27]} {[%emt 00:01:55]} Rae8 {[%clk
00:48:14]} {[%emt 00:00:23]} 17. Qe2 {[%clk 00:40:38]} {[%emt 00:04:52]} Qf4
{[%clk 00:46:39]} {[%emt 00:01:42]} 18. Qd2 {[%clk 00:37:16]} {[%emt 00:03:26]}
Qf6 {[%clk 00:44:57]} {[%emt 00:01:48]} 19. Rf3 {[%clk 00:34:59]} {[%emt
00:02:18]} Qg5 {[%clk 00:44:35]} {[%emt 00:00:31]} 20. Qxg5 {[%clk 00:34:35]}
{[%emt 00:00:29]} hxg5 {[%clk 00:44:32]} {[%emt 00:00:08]} 21. Rg3 {[%clk
00:33:52]} {[%emt 00:00:47]} f6 {[%clk 00:43:40]} {[%emt 00:00:58]} 22. Rge3
{[%clk 00:33:22]} {[%emt 00:00:34]} Kf8 {[%clk 00:42:42]} {[%emt 00:01:04]} 23.
Bg6 {[%clk 00:26:56]} {[%emt 00:06:31]} Bf7 {[%clk 00:42:26]} {[%emt 00:00:20]}
1/2-1/2

[Event "DVM U10 2023"]
[Site "Magdeburg GER"]
[Date "2023.12.28"]
[Round "4"]
[White "Zhang, Jiahao"]
[Black "Liu, Kairui"]
[Result "0-1"]
[Termination "normal"]
[Board "10.2"]
[WhiteElo "1156"]
[BlackElo "1192"]
[WhiteClock "00:26:55"]
[BlackClock "00:17:17"]
[WhiteTeam "SK 1926 Ettlingen"]
[BlackTeam "Karlsruher SF 1853"]
[PlyCount "132"]
[WhiteFideId "34686550"]
[BlackFideId "34660534"]
[EventCountry "GER"]
[EventRounds "7"]
[EventType "team-swiss"]
[EventDate "2023.12.27"]

1. e4 {[%clk 00:55:03]} {[%emt 00:00:07]} e5 {[%clk 00:55:03]} {[%emt
00:00:06]} 2. Nf3 {[%clk 00:55:01]} {[%emt 00:00:08]} Nc6 {[%clk 00:54:59]}
{[%emt 00:00:10]} 3. Bc4 {[%clk 00:54:58]} {[%emt 00:00:07]} Bc5 {[%clk
00:54:58]} {[%emt 00:00:07]} 4. c3 {[%clk 00:54:51]} {[%emt 00:00:12]} Nf6
{[%clk 00:54:57]} {[%emt 00:00:06]} 5. d4 {[%clk 00:54:49]} {[%emt 00:00:06]}
exd4 {[%clk 00:54:53]} {[%emt 00:00:09]} 6. cxd4 {[%clk 00:54:49]} {[%emt
00:00:05]} Bb4+ {[%clk 00:54:54]} {[%emt 00:00:05]} 7. Nc3 {[%clk 00:54:46]}
{[%emt 00:00:08]} Nxe4 {[%clk 00:54:45]} {[%emt 00:00:13]} 8. O-O {[%clk
00:54:42]} {[%emt 00:00:10]} Bxc3 {[%clk 00:54:38]} {[%emt 00:00:13]} 9. d5
{[%clk 00:54:38]} {[%emt 00:00:08]} Bf6 {[%clk 00:54:36]} {[%emt 00:00:06]} 10.
dxc6 {[%clk 00:54:28]} {[%emt 00:00:15]} bxc6 {[%clk 00:54:09]} {[%emt
00:00:33]} 11. Re1 {[%clk 00:54:18]} {[%emt 00:00:15]} d5 {[%clk 00:54:01]}
{[%emt 00:00:13]} 12. Bd3 {[%clk 00:54:02]} {[%emt 00:00:20]} Bf5 {[%clk
00:52:50]} {[%emt 00:01:17]} 13. Bf4 {[%clk 00:53:14]} {[%emt 00:00:51]} O-O
{[%clk 00:52:22]} {[%emt 00:00:36]} 14. Nd2 {[%clk 00:51:57]} {[%emt 00:01:20]}
Re8 {[%clk 00:51:26]} {[%emt 00:01:02]} 15. Nxe4 {[%clk 00:50:05]} {[%emt
00:01:57]} dxe4 {[%clk 00:51:07]} {[%emt 00:00:24]} 16. Ba6 {[%clk 00:48:50]}
{[%emt 00:01:20]} Rb8 {[%clk 00:49:46]} {[%emt 00:01:27]} 17. Qxd8 {[%clk
00:48:12]} {[%emt 00:00:42]} Bxd8 {[%clk 00:49:26]} {[%emt 00:00:26]} 18. f3
{[%clk 00:47:39]} {[%emt 00:00:37]} h6 {[%clk 00:49:02]} {[%emt 00:00:28]} 19.
fxe4 {[%clk 00:47:19]} {[%emt 00:00:25]} Rxe4 {[%clk 00:48:48]} {[%emt
00:00:20]} 20. Rxe4 {[%clk 00:46:57]} {[%emt 00:00:28]} Bxe4 {[%clk 00:48:34]}
{[%emt 00:00:18]} 21. Re1 {[%clk 00:45:50]} {[%emt 00:01:11]} Bg6 {[%clk
00:46:05]} {[%emt 00:02:34]} 22. b3 {[%clk 00:45:21]} {[%emt 00:00:35]} f5
{[%clk 00:45:06]} {[%emt 00:01:05]} 23. Re6 {[%clk 00:44:52]} {[%emt 00:00:33]}
Kh7 {[%clk 00:42:07]} {[%emt 00:03:04]} 24. Rxc6 {[%clk 00:44:32]} {[%emt
00:00:25]} Be8 {[%clk 00:39:39]} {[%emt 00:02:33]} 25. Bxc7 {[%clk 00:44:14]}
{[%emt 00:00:23]} Bxc6 {[%clk 00:37:41]} {[%emt 00:02:04]} 26. Bxb8 {[%clk
00:44:05]} {[%emt 00:00:13]} Bb6+ {[%clk 00:37:38]} {[%emt 00:00:08]} 27. Kf1
{[%clk 00:43:47]} {[%emt 00:00:22]} Be4 {[%clk 00:37:20]} {[%emt 00:00:23]} 28.
a4 {[%clk 00:43:25]} {[%emt 00:00:28]} Bc2 {[%clk 00:36:08]} {[%emt 00:01:17]}
29. Bc4 {[%emt 00:00:14]} a5 {[%emt 00:00:24]} 30. Ke2 {[%clk 00:42:00]} {[%emt
00:00:52]} Be4 {[%clk 00:35:01]} {[%emt 00:01:12]} 31. g3 {[%clk 00:41:44]}
{[%emt 00:00:20]} Kg6 {[%clk 00:34:39]} {[%emt 00:00:28]} 32. Bd6 {[%clk
00:41:17]} {[%emt 00:00:32]} Bc6 {[%clk 00:30:25]} {[%emt 00:04:20]} 33. Bb5
{[%clk 00:40:22]} {[%emt 00:00:59]} Bxb5+ {[%clk 00:28:31]} {[%emt 00:02:00]}
34. axb5 {[%clk 00:40:13]} {[%emt 00:00:13]} Kf6 {[%clk 00:28:04]} {[%emt
00:00:32]} 35. Kd3 {[%clk 00:39:20]} {[%emt 00:00:58]} Ke6 {[%clk 00:27:44]}
{[%emt 00:00:25]} 36. Bf4 {[%clk 00:37:47]} {[%emt 00:01:38]} Kd5 {[%clk
00:27:27]} {[%emt 00:00:23]} 37. h3 {[%clk 00:37:05]} {[%emt 00:00:45]} g5
{[%clk 00:25:54]} {[%emt 00:01:05]} 38. Bd2 {[%clk 00:36:54]} {[%emt 00:00:49]}
Bc7 {[%clk 00:25:08]} {[%emt 00:00:52]} 39. Be1 {[%clk 00:36:24]} {[%emt
00:00:34]} Kc5 {[%clk 00:24:39]} {[%emt 00:00:35]} 40. Bf2+ {[%clk 00:33:52]}
{[%emt 00:02:36]} Kxb5 {[%clk 00:24:20]} {[%emt 00:00:26]} 41. Kc2 {[%clk
00:32:24]} {[%emt 00:01:31]} Bb6 {[%clk 00:21:42]} {[%emt 00:02:44]} 42. Bxb6
{[%clk 00:31:55]} {[%emt 00:00:34]} Kxb6 {[%clk 00:21:43]} {[%emt 00:00:05]}
43. Kb2 {[%clk 00:31:25]} {[%emt 00:00:35]} f4 {[%clk 00:21:14]} {[%emt
00:00:34]} 44. gxf4 {[%clk 00:31:20]} {[%emt 00:00:09]} gxf4 {[%clk 00:21:05]}
{[%emt 00:00:14]} 45. Kc2 {[%clk 00:31:14]} {[%emt 00:00:11]} Kc5 {[%clk
00:20:54]} {[%emt 00:00:16]} 46. Kc3 {[%clk 00:30:25]} {[%emt 00:00:53]} f3
{[%clk 00:20:37]} {[%emt 00:00:22]} 47. Kd3 {[%clk 00:30:21]} {[%emt 00:00:09]}
Kb4 {[%clk 00:20:14]} {[%emt 00:00:29]} 48. Ke3 {[%clk 00:30:16]} {[%emt
00:00:10]} Kxb3 {[%clk 00:19:48]} {[%emt 00:00:31]} 49. Kxf3 {[%clk 00:30:13]}
{[%emt 00:00:07]} a4 {[%clk 00:19:34]} {[%emt 00:00:20]} 50. Kg4 {[%clk
00:30:12]} {[%emt 00:00:06]} a3 {[%clk 00:19:21]} {[%emt 00:00:18]} 51. Kh5
{[%clk 00:30:11]} {[%emt 00:00:05]} a2 {[%clk 00:19:08]} {[%emt 00:00:19]} 52.
Kxh6 {[%clk 00:30:12]} {[%emt 00:00:03]} a1=Q {[%clk 00:18:51]} {[%emt
00:00:14]} 53. Kg5 {[%clk 00:30:15]} {[%emt 00:00:10]} Qh8 {[%clk 00:18:42]}
{[%emt 00:00:15]} 54. Kf5 {[%clk 00:30:07]} {[%emt 00:00:13]} Qxh3+ {[%clk
00:18:40]} {[%emt 00:00:07]} 55. Ke4 {[%clk 00:30:00]} {[%emt 00:00:11]} Qg3
{[%clk 00:18:23]} {[%emt 00:00:21]} 56. Kd4 {[%clk 00:29:49]} {[%emt 00:00:16]}
Qf4+ {[%clk 00:18:07]} {[%emt 00:00:22]} 57. Kd5 {[%clk 00:29:39]} {[%emt
00:00:15]} Kb4 {[%clk 00:17:54]} {[%emt 00:00:19]} 58. Ke6 {[%clk 00:29:12]}
{[%emt 00:00:31]} Kc5 {[%clk 00:17:46]} {[%emt 00:00:13]} 59. Ke7 {[%clk
00:28:49]} {[%emt 00:00:28]} Qd6+ {[%clk 00:17:44]} {[%emt 00:00:08]} 60. Kf7
{[%clk 00:28:38]} {[%emt 00:00:15]} Kd5 {[%clk 00:17:38]} {[%emt 00:00:11]} 61.
Kg7 {[%clk 00:28:03]} {[%emt 00:02:24]} Qe6 {[%clk 00:17:38]} {[%emt 00:00:10]}
62. Kh7 {[%clk 00:27:47]} {[%emt 00:00:21]} Qg4 {[%clk 00:17:32]} {[%emt
00:00:11]} 63. Kh8 {[%clk 00:27:17]} {[%emt 00:00:35]} Qg5 {[%clk 00:17:28]}
{[%emt 00:00:10]} 64. Kh7 {[%clk 00:27:10]} {[%emt 00:00:11]} Ke6 {[%clk
00:17:23]} {[%emt 00:00:10]} 65. Kh8 {[%clk 00:27:05]} {[%emt 00:00:10]} Kf7
{[%clk 00:17:17]} {[%emt 00:00:11]} 66. Kh7 {[%clk 00:26:55]} {[%emt 00:00:15]}
Qh5 {[%emt 00:00:09]} 0-1

[Event "DVM U10 2023"]
[Site "Magdeburg GER"]
[Date "2023.12.28"]
[Round "4"]
[White "Tang, Eric Shunxin"]
[Black "Faisz, David"]
[Result "0-1"]
[Termination "normal"]
[Board "10.3"]
[WhiteElo "1054"]
[BlackElo "1112"]
[WhiteClock "00:41:30"]
[BlackClock "00:46:57"]
[WhiteTeam "Karlsruher SF 1853"]
[BlackTeam "SK 1926 Ettlingen"]
[PlyCount "98"]
[WhiteFideId "34694676"]
[BlackFideId "34650989"]
[EventCountry "GER"]
[EventRounds "7"]
[EventType "team-swiss"]
[EventDate "2023.12.27"]

1. e4 {[%clk 00:55:08]} e6 {[%clk 00:54:58]} {[%emt 00:00:13]} 2. Nf3 {[%clk
00:55:09]} {[%emt 00:00:04]} d5 {[%clk 00:54:57]} {[%emt 00:00:06]} 3. Nc3
{[%clk 00:54:53]} Bc5 {[%clk 00:54:47]} {[%emt 00:00:36]} 4. d4 {[%clk
00:54:39]} Bb6 {[%clk 00:54:28]} {[%emt 00:00:44]} 5. Bd3 {[%clk 00:54:18]} Nc6
{[%clk 00:54:09]} {[%emt 00:00:50]} 6. Be3 {[%emt 00:00:33]} Ba5 7. O-O {[%clk
00:53:22]} {[%emt 00:00:52]} Bxc3 {[%clk 00:53:50]} {[%emt 00:00:09]} 8. bxc3
{[%clk 00:53:21]} {[%emt 00:00:06]} Nf6 {[%clk 00:53:44]} {[%emt 00:00:11]} 9.
Rb1 {[%clk 00:52:50]} {[%emt 00:00:36]} dxe4 {[%clk 00:53:39]} {[%emt
00:00:11]} 10. Bc4 {[%clk 00:51:59]} {[%emt 00:00:56]} exf3 {[%clk 00:53:33]}
{[%emt 00:00:10]} 11. Qxf3 {[%clk 00:51:54]} {[%emt 00:00:09]} e5 {[%clk
00:53:13]} {[%emt 00:00:26]} 12. d5 {[%clk 00:51:41]} {[%emt 00:00:17]} e4
{[%clk 00:53:07]} {[%emt 00:00:12]} 13. Qe2 {[%clk 00:51:14]} {[%emt 00:00:32]}
Nxd5 {[%clk 00:52:37]} {[%emt 00:00:35]} 14. Bxd5 {[%clk 00:51:10]} {[%emt
00:00:09]} Qxd5 {[%clk 00:52:28]} {[%emt 00:00:14]} 15. f3 {[%clk 00:50:49]}
{[%emt 00:00:26]} O-O {[%clk 00:52:20]} {[%emt 00:00:13]} 16. fxe4 {[%clk
00:50:39]} {[%emt 00:00:15]} Qxe4 {[%clk 00:52:07]} {[%emt 00:00:18]} 17. Rf4
{[%clk 00:50:28]} {[%emt 00:00:16]} Qe7 {[%clk 00:51:58]} {[%emt 00:00:14]} 18.
Qf2 {[%clk 00:50:03]} {[%emt 00:00:30]} Re8 {[%clk 00:51:20]} {[%emt 00:00:43]}
19. Re1 {[%clk 00:49:49]} {[%emt 00:00:19]} Qd7 {[%clk 00:50:57]} {[%emt
00:00:29]} 20. Rxf7 {[%clk 00:49:36]} {[%emt 00:00:17]} Qxf7 {[%clk 00:50:39]}
{[%emt 00:00:23]} 21. Qxf7+ {[%clk 00:48:28]} {[%emt 00:01:14]} Kxf7 {[%clk
00:50:29]} {[%emt 00:00:14]} 22. Rf1+ {[%clk 00:48:25]} {[%emt 00:00:08]} Kg8
{[%clk 00:50:23]} {[%emt 00:00:12]} 23. Bc5 {[%clk 00:48:03]} {[%emt 00:00:27]}
b6 {[%clk 00:50:11]} {[%emt 00:00:17]} 24. Bb4 {[%clk 00:47:52]} {[%emt
00:00:16]} Nxb4 {[%clk 00:50:08]} {[%emt 00:00:08]} 25. cxb4 {[%clk 00:47:48]}
{[%emt 00:00:08]} Ba6 {[%clk 00:49:52]} {[%emt 00:00:21]} 26. Rc1 {[%clk
00:47:20]} {[%emt 00:00:32]} Rf8 {[%emt 00:00:25]} 27. h3 {[%clk 00:46:59]}
{[%emt 00:00:11]} Rf1+ {[%clk 00:49:36]} {[%emt 00:00:15]} 28. Rxf1 {[%clk
00:46:57]} {[%emt 00:00:09]} Bxf1 {[%clk 00:49:34]} {[%emt 00:00:07]} 29. Kxf1
{[%clk 00:46:59]} {[%emt 00:00:04]} a5 {[%clk 00:49:33]} {[%emt 00:00:06]} 30.
b5 {[%clk 00:46:49]} {[%emt 00:00:15]} Re8 {[%clk 00:49:24]} {[%emt 00:00:13]}
31. a4 {[%clk 00:46:40]} {[%emt 00:00:15]} Rc8 {[%clk 00:49:16]} {[%emt
00:00:13]} 32. Ke2 {[%clk 00:46:37]} {[%emt 00:00:07]} c6 {[%clk 00:49:13]}
{[%emt 00:00:09]} 33. c4 {[%clk 00:46:19]} {[%emt 00:00:23]} cxb5 {[%clk
00:49:06]} {[%emt 00:00:11]} 34. cxb5 {[%clk 00:46:08]} {[%emt 00:00:16]} Rc4
{[%clk 00:49:06]} {[%emt 00:00:06]} 35. Kd3 {[%emt 00:00:47]} Rxa4 {[%clk
00:48:35]} {[%emt 00:00:24]} 36. Ke3 {[%clk 00:45:31]} {[%emt 00:00:12]} Rb4
{[%clk 00:48:34]} {[%emt 00:00:06]} 37. g4 {[%clk 00:45:15]} {[%emt 00:00:21]}
Rxb5 {[%clk 00:48:34]} {[%emt 00:00:05]} 38. Kd4 {[%clk 00:44:41]} {[%emt
00:00:39]} a4 {[%clk 00:48:26]} {[%emt 00:00:13]} 39. Kc4 {[%clk 00:44:35]}
{[%emt 00:00:10]} Rb3 {[%clk 00:48:19]} {[%emt 00:00:13]} 40. h4 {[%clk
00:44:02]} {[%emt 00:00:37]} Rb1 {[%clk 00:48:10]} {[%emt 00:00:14]} 41. Kd5
{[%clk 00:43:50]} {[%emt 00:00:16]} a3 {[%clk 00:48:09]} {[%emt 00:00:08]} 42.
Ke4 {[%clk 00:43:50]} {[%emt 00:00:05]} a2 {[%clk 00:47:55]} {[%emt 00:00:19]}
43. Kd5 {[%clk 00:42:30]} {[%emt 00:01:24]} a1=Q {[%emt 00:00:13]} 44. h5
{[%emt 00:00:17]} Rd1+ {[%clk 00:47:23]} {[%emt 00:00:07]} 45. Ke4 {[%clk
00:42:24]} {[%emt 00:00:10]} Qd4+ {[%clk 00:47:22]} {[%emt 00:00:08]} 46. Kf5
{[%clk 00:42:17]} {[%emt 00:00:10]} Re1 {[%emt 00:00:34]} 47. Kg5 {[%clk
00:42:01]} {[%emt 00:00:03]} h6+ {[%clk 00:47:02]} {[%emt 00:00:15]} 48. Kf5
{[%clk 00:41:47]} {[%emt 00:00:18]} Re5+ {[%clk 00:46:57]} {[%emt 00:00:11]}
49. Kg6 {[%clk 00:41:30]} {[%emt 00:00:12]} Qd6# {[%emt 00:00:25]} 0-1